000 01010nam a2200253 i 4500
001 188573
003 ES-MaACL
005 20250818131152.0
007 t|
008 181221s1979 sp f 00110 spa d
100 1 _aBallester, César.
_9141760
245 1 0 _aDocumentos.
_n1,
_pDesde los orígenes hasta el descubrimiento de América /
_cCésar Ballester.
260 _a[Madrid] :
_bCírculo de Amigos de la Historia,
_c[1979]
300 _a335 p., [16] p. de lám. ;
_c21 cm.
490 1 _aHistoria de España [dirigida por Florentino Pérez-Embid] ;
_v8
651 4 _aEspaña-
_xHistoria-
_yHasta 414.
_9148016
651 4 _aEspaña-
_xHistoria-
_y0414-1474-
_vFuentes.
_9157982
651 _aEspaña-
_xHistoria-
_y1474-1516, Reyes Católicos-
_vFuentes.
_98223
700 1 _aPérez-Embid, Florentino,
_d1918-1974
_990840
700 2 _a
_9241917
830 1 _aHistoria de España [dirigida por Florentino Pérez-Embid] ;
_v8
_9184626
852 _aES-MaACL
_jP-177-5
999 _c188573
_d188573